| 000 | 00542nam a22001817a 4500 | ||
|---|---|---|---|
| 999 |
_c188925 _d188925 |
||
| 005 | 20220607155334.0 | ||
| 010 | _aENG-133085 | ||
| 020 |
_a8187818840 _c595.00 |
||
| 035 | _aEN-116617 | ||
| 037 | _bDBAD/PUB | ||
| 082 | _a658.421 | ||
| 100 | _aSharma, Pawan | ||
| 245 |
_aFundamentals of Entrepreneurship/ _cPawan Sharma |
||
| 260 |
_aNew Delhi _bLakshay Publication _c2010 |
||
| 270 |
_a7/26, Ground Floor, Ansari Road, Dariya Ganj _bNew Delhi _e110002 |
||
| 300 |
_a225p. _c22cm(hbk) |
||
| 942 |
_2ddc _cEN _mSHA _h658.421 |
||